000 00256nam a2200109Ia 4500
999 _c6236
_d6236
020 _a978-0070366985
100 _aAverill M. Law
245 0 _aSimulation Modeling And Analysis
260 _aNew York
_bMcGraw Hill Inc.
_c1991
300 _a759
942 _cBK